书目信息 |
| 题名: |
广播电视技术维护与管理
|
|
| 作者: | 高福安 , 李志勇 , 张洁霞 编著 | |
| 分册: | ||
| 出版信息: | 北京 中国广播电视出版社 2009 |
|
| 页数: | 10,373页 | |
| 开本: | 26cm | |
| 丛书名: | ||
| 单 册: | ||
| 中图分类: | TN93 , TN94 | |
| 科图分类: | ||
| 主题词: | 广播电视--技术管理 , 广播电视 , 技术管理 | |
| 电子资源: | ||
| ISBN: | 978-7-5043-5873-8 | |
| 000 | 01054nam0 2200289 45 | |
| 001 | 1029918644 | |
| 005 | 20100429094111.75 | |
| 010 | @a978-7-5043-5873-8@dCNY50.00 | |
| 100 | @a20100420d2009 em y0chiy50 ea | |
| 101 | 0 | @achi |
| 102 | @aCN@b110000 | |
| 105 | @aa z 000yy | |
| 106 | @ar | |
| 200 | 1 | @a广播电视技术维护与管理@AGuang Bo Dian Shi Ji Shu Wei Hu Yu Guan Li@f高福安,李志勇,张洁霞编著@FGao Fu An, Li Zhi Yong, Zhang Jie Xia Bian Zhu |
| 210 | @a北京@c中国广播电视出版社@d2009 | |
| 215 | @a10,373页@c图@d26cm | |
| 330 | @a本书共11章,内容包括:现代管理与技术管理、广播电视技术政策、广播电视标准化、广播电视技术运行和维护管理、数字微波传输与管理、国外广播电视技术管理概况等。 | |
| 606 | 0 | @a广播电视@x技术管理 |
| 606 | 0 | @a广播电视 |
| 606 | 0 | @a技术管理 |
| 690 | @aTN93@v4 | |
| 690 | @aTN94@v4 | |
| 701 | 0 | @a高福安@AGao Fu An@g(教授)@4编著 |
| 701 | 0 | @a李志勇@ALi Zhi Yong@g(无线电通信)@4编著 |
| 701 | 0 | @a张洁霞@AZhang Jie Xia@g(电视工作)@4编著 |
| 801 | 0 | @aCN@bTANGWEI@c20100429 |
| 905 | @b0594263-67@dTN93@e22@f5 | |
| 广播电视技术维护与管理/高福安,李志勇,张洁霞编著.-北京:中国广播电视出版社,2009 |
| 10,373页:图;26cm |
| ISBN 978-7-5043-5873-8:CNY50.00 |
| 本书共11章,内容包括:现代管理与技术管理、广播电视技术政策、广播电视标准化、广播电视技术运行和维护管理、数字微波传输与管理、国外广播电视技术管理概况等。 |
| ● |
| 相关链接 |
|
|
|
|
正题名:广播电视技术维护与管理
索取号:TN93/22
 
预约/预借
| 序号 | 登录号 | 条形码 | 馆藏地/架位号 | 状态 | 备注 |
| 1 | 0594263 | 205942630 | 第二样本阅览室/ [索取号:TN93/22] | 在馆 | |
| 2 | 0594264 | 205942649 | 第三借阅区/ [索取号:TN93/22] | 在馆 | |
| 3 | 0594265 | 205942658 | 第三借阅区/ [索取号:TN93/22] | 在馆 | |
| 4 | 0594266 | 205942667 | 第三借阅区/ [索取号:TN93/22] | 在馆 | |
| 5 | 0594267 | 205942676 | 第三借阅区/ [索取号:TN93/22] | 在馆 |